书目信息 |
| 题名: |
古小说简目
|
|
| 作者: | 程毅中 著 | |
| 分册: | ||
| 出版信息: | 北京 中华书局 1981 |
|
| 页数: | 183页 | |
| 开本: | 21cm | |
| 丛书名: | ||
| 单 册: | ||
| 中图分类: | Z88:I242 , I207.4 | |
| 科图分类: | ||
| 主题词: | 古典小说-中国-书明目录 , 文学--中国 , 书明目录-古典小说-中国 | |
| 电子资源: | ||
| ISBN: | ||
| 000 | 00698nam0 2200265 45 | |
| 001 | 0181006382 | |
| 005 | 20060813112325.12 | |
| 010 | @dCNY0.70 | |
| 091 | @a10018.470 | |
| 100 | @a19950530d1981 em y0chiy0121 ea | |
| 101 | 0 | @achi |
| 102 | @aCN@b110000 | |
| 105 | @ay b 000yy | |
| 200 | 10 | @a古小说简目@Agu xiao shuo jian mu@f程毅中著 |
| 210 | @a北京@c中华书局@d1981 | |
| 215 | @a183页@d21cm | |
| 606 | @a古典小说-中国-书明目录 | |
| 606 | 0 | @a文学@x中国 |
| 606 | @a书明目录-古典小说-中国 | |
| 690 | @aZ88:I242@v3 | |
| 690 | @aI207.4 | |
| 701 | 0 | @a程毅中@Acheng yi zhong@4著 |
| 801 | 2 | @aCN@bNLC@c20060813 |
| 801 | 0 | @aCN@b上海图书馆@c20040418 |
| 905 | @f2@b64231-232@dI207.4@e50 | |
| 古小说简目/程毅中著.-北京:中华书局,1981 |
| 183页;21cm |
| ISBN :CNY0.70 |
| ● |
| 相关链接 |
|
|
|
|
正题名:古小说简目
索取号:I207.4/50
 
预约/预借
| 序号 | 登录号 | 条形码 | 馆藏地/架位号 | 状态 | 备注 |
| 1 | 0459315 | 204593154 | 密集书库/ [索取号:I207.4/50] | 在馆 |